000 00712nam a2200289Ia 4500
005 20260324121236.0
008 008 260324s9999 xx 000 0 eng d
020 _a9780429254406
037 _aEBOOK
040 _aCRL
040 _beng
040 _cCRL
041 _2eng
041 _aeng
084 _qCRL
100 _aJames Zurn; Perry Mulligan
_91161753
245 0 _aLearning with Lean
245 0 _bUnleashing the Potential for Sustainable Competitive Advantage
260 _bTaylor and Francis
260 _c2014
365 _a
365 _b290
856 _uhttp://www.taylorfrancis.com/books/9780429254406
942 _cEBOOK
999 _c1753729
_d1753729